| 000 | 00693nam a22002417a 4500 | ||
|---|---|---|---|
| 999 |
_c6213 _d6213 |
||
| 003 | AR-CdUCM | ||
| 008 | 190314b ||||| |||| 00| 0 spa d | ||
| 040 |
_aMUNICIPALIDAD PROVINCIAL DEL CUSCO _cBIBLIOTECA MUNICIPAL DEL CUSCO |
||
| 041 | _hfre | ||
| 082 |
_a831.609 / _bE45 |
||
| 100 |
_aEluard, Paul _917915 |
||
| 245 | _aEL rostro de la paz / | ||
| 260 |
_aLima : _bIcaro, _c1962. |
||
| 300 |
_a28 páginas ; _c20 cm. |
||
| 440 |
_aColección travesía _n1 _917916 |
||
| 500 | _aDonación familia Nieto | ||
| 505 | _aContenido: Poemas peruanos. | ||
| 650 |
_aPicasso _913334 |
||
| 650 |
_aPoesía peruana _9806 |
||
| 650 |
_aTravesía _917917 |
||
| 942 |
_2ddc _cLIBROS |
||
| 945 | _adavv | ||